000
00210nam a2200097Ia 4500
005
20251222114407.0
008
251222s1900||||xx |||||||||||||| ||spa||
082
_a
DVD0070/M22/2004
245
0
_a
Olga:
942
_c
DVD
999
_c
1875
_d
1875